LEADER 04591oam 2200637 c 450 001 996308788703316 005 20220221094418.0 010 $a3-8376-4219-4 035 $a(CKB)4100000001115750 035 $a(OAPEN)640455 035 $a(DE-B1597)496232 035 $a(OCoLC)1046612468 035 $a(DE-B1597)9783839442197 035 $a(transcript Verlag)9783839442197 035 $a(MiAaPQ)EBC6955985 035 $a(Au-PeEL)EBL6955985 035 $a(EXLCZ)994100000001115750 100 $a20220221d2018 uy 0 101 0 $ager 135 $auuuuu---auuuu 181 $ctxt$2rdacontent 182 $cc$2rdamedia 183 $acr$2rdacarrier 200 00$aGewerkschaften im deutschen Einheitsprozess$eMo?glichkeiten und Grenzen in Zeiten der Transformation$fDetlev Brunner, Michaela Kuhnhenne, Hartmut Simon 205 $a1st ed. 210 $aBielefeld$ctranscript Verlag$d2018 215 $a1 online resource (184) 225 0 $aForschung aus der Hans-Bo?ckler-Stiftung$v192 311 $a3-8394-4219-2 327 $aFrontmatter 1 Inhalt 5 Die Gewerkschaften im deutschen Einheitsprozess 9 Deutschlandpolitik der Gewerkschaften in den 1980er-Jahren 17 Gewerkschaften und deutsche Einheit 45 Betriebliche und gewerkschaftliche Basisbewegungen 1989/90 in der DDR 69 Gewerkschaftspolitik in der Transformation 95 Beziehungsgeschichten von Treuhandanstalt und Gewerkschaften in der ostdeutschen Transformationslandschaft 109 Mo?glichkeiten und Grenzen fu?r Gewerkschaften im Verwaltungsrat der Treuhandanstalt 131 Tarifpolitik in der Transformation 151 Der Streik der IG Metall zur Verteidigung des Stufentarifvertrags in den neuen Bundesla?ndern im Jahre 1993 169 Die Autorinnen und Autoren 181 330 $aDie Rolle der Gewerkschaften im Prozess der deutschen Einheit fand bislang wenig Beachtung. Dabei geho?rten sie von Anfang an zu den Kra?ften, die die gesellschaftliche und wirtschaftliche Transformation Ostdeutschlands mitgestalteten. In den Beitra?gen des Bandes betrachten Wissenschaftlerinnen und Wissenschaftler sowie ehemals Aktive aus Ost und West - ausgehend von ihren jeweils unterschiedlichen Perspektiven - die Mo?glichkeiten, Erfolge und Grenzen gewerkschaftlicher Politik und gewerkschaftlichen Handelns. Im Fokus stehen gewerkschaftliche Kontakte vor 1989, die Phasen von Umbruch und Vereinigung, die Arbeit der Treuhandanstalt und die Tarifpolitik. Herausgearbeitet werden dabei auch die Nachwirkungen des Transformationsprozesses. 330 1 $a»Insgesamt bieten die Beitra?ge des Bandes jeweils interessante Einblicke in ein historisch bislang kaum bestelltes Feld. Ku?nftige Studien finden hier ein weites Arsenal an Ansatzpunkten und Fragestellungen.« Christian Rau, www.sehepunkte.de, 18/5 (2018) Besprochen in: Mitbestimmung, 5 (2018), Dirk Manten www.dgb.de, 28.09.2020, Detlev Brunner https://foreignaffairs.co.nz, 29.09.2020 410 0$aForschung aus der Hans-Böckler-Stiftung 606 $aGewerkschaft; Deutsche Einheit; Ostdeutschland; Transformation; Treuhandanstalt; Tarifpolitik; Politik; Arbeit; Zeitgeschichte; Arbeitso?konomie; Arbeits- und Industriesoziologie; Sozialpolitik; Geschichtswissenschaft; Labour Union; German Unity; Eastern Germany; Collective Bargaining; Politics; Work; Contemporary History; Labour Economics; Sociology of Work and Industry; Social Policy; History; 610 $aCollective Bargaining. 610 $aContemporary History. 610 $aEastern Germany. 610 $aGerman Unity. 610 $aHistory. 610 $aLabour Economics. 610 $aPolitics. 610 $aSocial Policy. 610 $aSociology of Work and Industry. 610 $aTransformation. 610 $aWork. 615 4$aGewerkschaft; Deutsche Einheit; Ostdeutschland; Transformation; Treuhandanstalt; Tarifpolitik; Politik; Arbeit; Zeitgeschichte; Arbeitso?konomie; Arbeits- und Industriesoziologie; Sozialpolitik; Geschichtswissenschaft; Labour Union; German Unity; Eastern Germany; Collective Bargaining; Politics; Work; Contemporary History; Labour Economics; Sociology of Work and Industry; Social Policy; History; 702 $aBrunner$b Detlev$4edt 702 $aKuhnhenne$b Michaela$4edt 702 $aSimon$b Hartmut$4edt 712 02$aHans-Böckler-Stiftung$4fnd$4http://id.loc.gov/vocabulary/relators/fnd 801 0$bDE-B1597 801 1$bDE-B1597 906 $aBOOK 912 $a996308788703316 996 $aGewerkschaften im deutschen Einheitsprozess$92060377 997 $aUNISA LEADER 01672nam 2200505Ia 450 001 9910711263703321 005 20180711120953.0 024 8 $aGOVPUB-C13-fd7a55924b0ad257b7907ba90f5f25f0 035 $a(CKB)5470000002481383 035 $a(OCoLC)959982202 035 $a(OCoLC)995470000002481383 035 $a(EXLCZ)995470000002481383 100 $a20161006d1954 ua 0 101 0 $aeng 181 $ctxt$2rdacontent 182 $cc$2rdamedia 183 $acr$2rdacarrier 200 10$aInterlaboratory intercomparisons of 100-watt gas-filled tungsten-filament lamps /$fRay P. Teele 210 1$aGaithersburg, MD :$cU.S. Dept. of Commerce, National Institute of Standards and Technology,$d1954. 215 $a1 online resource 225 1 $aNBS report ;$v3202 300 $a1954. 300 $aContributed record: Metadata reviewed, not verified. Some fields updated by batch processes. 300 $aTitle from PDF title page. 320 $aIncludes bibliographical references. 606 $aHalogens$xSpectra 606 $aPhotometry 606 $aHalogens$xSpectra$2fast 606 $aPhotometry$2fast 615 0$aHalogens$xSpectra. 615 0$aPhotometry. 615 7$aHalogens$xSpectra. 615 7$aPhotometry. 700 $aTeele$b Ray P$01394667 701 $aTeele$b Ray P$01394667 712 02$aUnited States.$bNational Bureau of Standards. 801 0$bNBS 801 1$bNBS 801 2$bOCLCO 801 2$bOCLCF 801 2$bOCLCQ 906 $aBOOK 912 $a9910711263703321 996 $aInterlaboratory intercomparisons of 100-watt gas-filled tungsten-filament lamps$93535792 997 $aUNINA